| 000 | 00000nam##2200000za#4500 |
| 001 | 9.632053 |
| 003 | CaOODSP |
| 005 | 20260106135602 |
| 007 | cr ||||||||||| |
| 008 | 150407|2005||||xxc|||||o f|0| 0 fre|d |
| 020 | |a0-662-74482-9 |
| 040 | |aCaOODSP|bfre |
| 043 | |an-cn--- |
| 086 | 1 |aM39-121/2005F-PDF |
| 110 | 2 |aCentre de la technologie de l'eĢnergie de CANMET (Canada) |
| 245 | 10|aLogiciel RETScreen®, manuel de l'utilisateur en ligne - modèle pour projets de cogénération / |h[ressource électronique]|c[publié par] RETScreen® International, Centre d'aide à la décision sur les énergies propres. |
| 246 | 17|aModèle RETScreen® pour projets de cogénération |
| 260 | |aOttawa - Ontario : |bRessources naturelles Canada. |c[2005], c1997-2005. |
| 300 | |a308p.|bfigures en couleur, graphiques, tableaux, index |
| 504 | |aBibliographie. |
| 590 | |a12-32-Supp|b2012-07-11 |
| 691 | 07|aRessources renouvelables|2gcpds |
| 775 | 08|tRETScreen® software online user manual - combined heat & power project model |w(CaOODSP)9.687610 |
| 856 | 40|ahttp://publications.gc.ca|qPDF|s4.69 Mo|uhttps://publications.gc.ca/collections/collection_2012/rncan-nrcan/M39-121-2005-fra.pdf |